| 000 | 01500cam a2200361 i 4500 | ||
|---|---|---|---|
| 001 | 13088215 | ||
| 003 | EG-ScBUE | ||
| 005 | 20241017094350.0 | ||
| 008 | 030211r20031973nyu f b 001 0 eng d | ||
| 020 | _a0486428222 (pbk.) | ||
| 020 | _a9780486428222 (pbk.) | ||
| 040 |
_aDLC _beng _erda _cDLC _dDLC _dEG-ScBUE |
||
| 082 | 0 | 4 |
_a515.733 _222 _bRAD |
| 100 | 1 |
_aRadjavi, Heydar, _eauthor. _924418 |
|
| 245 | 1 | 0 |
_aInvariant Subspaces / _cHeydar Radjavi, Department of Mathematics and Statistics, Dalhousie University, Peter Rosenthal, Department of Mathematics, University of Toronto. |
| 250 | _aSecond edition. | ||
| 264 |
_aMineola, New York : _bDover Publications, _c2003. |
||
| 300 |
_axi, 248 pages ; _c22 cm |
||
| 336 |
_2rdacontent _atext _btxt |
||
| 337 |
_aunmediated _2rdamedia _bn |
||
| 338 |
_avolume _bnc _2rdacarrier |
||
| 504 | _aIncludes bibliographical references and index. | ||
| 650 | 7 |
_aHilbert space. _2BUEsh _924419 |
|
| 650 | 7 |
_aOperator algebras. _2BUEsh _924420 |
|
| 650 | 7 |
_aInvariant subspaces. _2BUEsh _924421 |
|
| 653 | _cMay2011 | ||
| 655 | _vReading book | ||
| 700 | 1 |
_aRosenthal, Peter, _d1941- _eauthor. _924422 |
|
| 856 | 4 | 2 |
_3Publisher description _uhttp://www.loc.gov/catdir/description/dover033/2003043828.html |
| 856 | 4 | 1 |
_3Table of contents _uhttp://www.loc.gov/catdir/toc/dover031/2003043828.html |
| 942 |
_2ddc _cBB |
||
| 999 |
_c15467 _d15467 |
||